Design and Estimating for Heating, Ventilating, and Air Conditioning /

Guardado en:
Bibliografiske detaljer
Hovedforfatter: Rizzi, Ennio A. (autor)
Format: Bog
Sprog:engelsk
Udgivet: Nueva York, EUA : Van Nostrand Reinhold, 1980, c1980
Fag:
Tags: Tilføj Tag
Ingen Tags, Vær først til at tagge denne postø!

MARC

LEADER 00000nam^a2200000^a^4500
001 000359870
005 20250521000000.0
009 20260526141912.286
020 |a 0-442-26952-8 
037 |a Acervo ITESO - Biblioteca 
041 |a ING 
082 |a 697.  |b RIZ 
100 |a Rizzi, Ennio A.  |e (autor) 
245 1 0 |a Design and Estimating for Heating, Ventilating, and Air Conditioning /  |c E.A. Rizzi. 
264 4 |a Nueva York, EUA :  |b Van Nostrand Reinhold,  |c 1980, c1980 
300 |a XIII, 460 p. 
336 |a texto  |b txt  |2 rdacontenido 
337 |a sin mediación  |b n  |2 rdamedio 
338 |a volumen  |b nc  |2 rdasoporte 
561 |a Ex libris manuscrito de Rubén E. Valdivia 
649 |a XX 
650 |a Ventiladores 
650 |a Ductos de Aire 
650 |a Chimeneas 
650 |a Instalaciones de Aire Acondicionado y Calefacción -  |x Tema Principal 
650 |a Calefacción -  |x Equipo y Aparatos 
650 |a Calefacción 
650 |a Ventilación -  |x Equipo y Aparatos 
650 |a Ventilación 
650 |a Construcción 
650 |a Ingeniería Térmica 
650 |a Ingeniería Mecánica 
910 |a Fondo General 
920 |a Impresos - Libros 
930 |a Colección General 
905 |a 101 
901 |a 0500252906  |b IT1  |c ACC  |i D73005  |u 20250521 
902 |a https://opac.biblio.iteso.mx/vufind/Record/000359870